LEADER 00826nam0-22003011i-450- 001 990000853410403321 005 20001010 035 $a000085341 035 $aFED01000085341 035 $a(Aleph)000085341FED01 035 $a000085341 100 $a20001010d--------km-y0itay50------ba 101 0 $aita 105 $ay-------001yy 200 1 $aLectures on Forms in Many Variables$fM.J. Greenberg 210 $aNew York$cW.A. Benjamin$dInc.$d1969 215 $a167 p.$d23 cm 225 1 $aMathematics lecture note series 676 $a512 700 1$aGreenberg,$bMarvin J.$041882 801 0$aIT$bUNINA$gRICA$2UNIMARC 901 $aBK 912 $a990000853410403321 952 $a02 13 E 23$b2170$fFINBN 959 $aFINBN 996 $aLectures on Forms in Many Variables$9348647 997 $aUNINA DB $aING01 LEADER 01489nam 2200421Ia 450 001 9910698933803321 005 20090714144613.0 035 $a(CKB)5470000002398539 035 $a(OCoLC)424639254 035 $a(EXLCZ)995470000002398539 100 $a20090714d2006 ua 0 101 0 $aeng 135 $auran||||||||| 181 $ctxt$2rdacontent 182 $cc$2rdamedia 183 $acr$2rdacarrier 200 00$aGuidance for industry$b[electronic resource] $estudies to evaluate the safety of residues of veterinary drugs in human food, carcinogenicity testing 210 1$aRockville, MD :$cU.S. Dept. of Health and Human Services, Food and Drug Administration, Center for Veterinary Medicine,$d[2006] 215 $a6 pages $cdigital, PDF file 300 $aTitle from PDF title page (viewed on July 14, 2009). 300 $a"VICH GL28". 300 $a"Final guidance". 300 $a"July 27, 2009". 320 $aIncludes bibliographical references (page 6). 517 $aGuidance for industry 606 $aVeterinary drug residues 606 $aCarcinogenicity testing 606 $aFood adulteration and inspection 615 0$aVeterinary drug residues. 615 0$aCarcinogenicity testing. 615 0$aFood adulteration and inspection. 712 02$aCenter for Veterinary Medicine (U.S.) 801 0$bGPO 801 1$bGPO 906 $aBOOK 912 $a9910698933803321 996 $aGuidance for industry$93434577 997 $aUNINA